[Event "North Island-ch"]
[Site "Auckland"]
[Date "2014.07.15"]
[Round "4"]
[White "Yang, Scott"]
[Black "McLaren, Leonard"]
[Result "0-1"]
[WhiteElo "2005"]
[BlackElo "2232"]
[PlyCount "128"]
[EventDate "2014.07.14"]
[EventType "swiss"]
[EventRounds "9"]
[EventCountry "NZL"]
[SourceTitle "EXT 2018"]
[Source "ChessBase"]
[SourceDate "2017.10.13"]
[SourceVersion "1"]
[SourceVersionDate "2017.10.13"]
[SourceQuality "1"]

1. d4 Nf6 2. c4 e6 3. Nf3 b6 4. g3 Ba6 5. Qc2 Bb7 6. Bg2 c5 7. 0-0 Nc6 8. e3 Rc8 9. Nc3 Be7 10. dxc5 bxc5 11. e4 d6 12. e5 dxe5 13. Nxe5 0-0 14. Nxc6 Bxc6 15. Bxc6 Rxc6 16. Rd1 Qa8 17. h3 Rd8 18. Bg5 h6 19. Bf4 Rcc8 20. Qe2 Rd4 21. Be5 Rxd1+ 22. Rxd1 Rd8 23. Rxd8+ Qxd8 24. Qd1 Nd7 25. Bd6 Bf6 26. Bf4 Bxc3 27. bxc3 Qe7 28. Qd6 Qxd6 29. Bxd6 e5 30. Kf1 f5 31. Ke2 Kf7 32. f3 Ke6 33. Bc7 g5 34. g4 Nf6 35. Bb8 a6 36. Ke3 e4 37. gxf5+ Kxf5 38. Bd6 exf3 39. Bxc5 f2 40. Ke2 Ne4 41. Bxf2 Nxc3+ 42. Kf3 Nxa2 43. c5 Nb4 44. Be3 a5 45. Bd2 Nc6 46. Bc3 a4 47. Bb2 h5 48. Ba3 Nd4+ 49. Kg3 Ke4 50. Bb2 Nc6 51. Bc1 Kf5 52. Bd2 a3 53. Bc3 Ke4 54. Ba1 a2 55. Bb2 Kd5 56. Kf3 Nd4+ 57. Ke3 Nc2+ 58. Kd3 Nb4+ 59. Ke3 Kxc5 60. Ke4 Kc4 61. Kf5 Kb3 62. Ba1 Kc2 63. Kxg5 Kb1 64. Bc3 Nd3 0-1

[Event "NZL-ch 121st"]
[Site "Auckland"]
[Date "2014.01.12"]
[Round "9"]
[White "Yang, Scott"]
[Black "Lam, Daniel King Wai"]
[Result "1/2-1/2"]
[WhiteElo "2027"]
[BlackElo "2100"]
[PlyCount "70"]
[EventDate "2014.01.04"]
[EventType "swiss"]
[EventRounds "9"]
[EventCountry "NZL"]
[SourceTitle "CBM 158 Extra"]
[Source "ChessBase"]
[SourceDate "2014.02.28"]
[SourceVersion "1"]
[SourceVersionDate "2014.02.28"]
[SourceQuality "1"]

1. d4 Nf6 2. c4 g6 3. Nf3 Bg7 4. g3 0-0 5. Nc3 d6 6. Bg2 Nbd7 7. 0-0 e5 8. e3 c6 9. Qc2 Re8 10. dxe5 Nxe5 11. Nxe5 dxe5 12. e4 Be6 13. b3 Qc7 14. Bb2 Rad8 15. Rad1 Rxd1 16. Rxd1 Rd8 17. Na4 Rxd1+ 18. Qxd1 Nd7 19. Qc2 b6 20. Ba3 Bf8 21. Bxf8 Nxf8 22. c5 b5 23. Nb2 Qd7 24. Qd3 a5 25. Bf1 f6 26. f4 Qd4+ 27. Qxd4 exd4 28. Nd3 Nd7 29. Kf2 a4 30. bxa4 bxa4 31. a3 Bc4 32. Nb4 Bxf1 33. Kxf1 Nxc5 34. Nxc6 d3 35. Nb4 Kf7 1/2-1/2

[Event "NZL-ch 121st"]
[Site "Auckland"]
[Date "2014.01.08"]
[Round "5"]
[White "Goodhue, Nathan"]
[Black "Yang, Scott"]
[Result "0-1"]
[WhiteElo "2037"]
[BlackElo "2027"]
[PlyCount "56"]
[EventDate "2014.01.04"]
[EventType "swiss"]
[EventRounds "9"]
[EventCountry "NZL"]
[SourceTitle "CBM 158 Extra"]
[Source "ChessBase"]
[SourceDate "2014.02.28"]
[SourceVersion "1"]
[SourceVersionDate "2014.02.28"]
[SourceQuality "1"]

1. b3 e5 2. Bb2 Nc6 3. g3 d5 4. Bg2 Nf6 5. d3 Be6 6. Nd2 Bd6 7. a3 0-0 8. b4 a5 9. b5 Ne7 10. Ngf3 Ng6 11. Ng5 Bd7 12. c4 c6 13. h4 Ne7 14. a4 Rc8 15. 0-0 h6 16. Nh3 Be6 17. f4 Qb6+ 18. Kh1 Nf5 19. fxe5 Nxg3+ 20. Kh2 Nxf1+ 21. Nxf1 Bxe5+ 22. Bxe5 Ng4+ 23. Kh1 Nxe5 24. Qe1 Qd4 25. Rd1 Ng6 26. h5 Nh4 27. Qg3 Nxg2 28. e3 Qg4 0-1

[Event "George Trundle Qualifiers"]
[Site "Auckland"]
[Date "2013.10.03"]
[Round "6"]
[White "Li, William Xiang Wei"]
[Black "Yang, Scott"]
[Result "0-1"]
[WhiteElo "1837"]
[BlackElo "2011"]
[PlyCount "80"]
[EventDate "2013.09.28"]
[EventType "tourn"]
[EventRounds "9"]
[EventCountry "NZL"]
[SourceTitle "EXT 2018"]
[Source "ChessBase"]
[SourceDate "2017.10.13"]
[SourceVersion "1"]
[SourceVersionDate "2017.10.13"]
[SourceQuality "1"]

1. c4 e5 2. g3 Nf6 3. Bg2 Bc5 4. Nc3 0-0 5. Nf3 Nc6 6. 0-0 d6 7. d3 h6 8. a3 a5 9. e3 Bg4 10. Bd2 Qd7 11. Qc2 Bh3 12. Rfb1 Bb6 13. Na4 Bxg2 14. Kxg2 d5 15. Nxb6 cxb6 16. cxd5 Qxd5 17. Rd1 Rfd8 18. Bc3 Rac8 19. Qe2 b5 20. b4 a4 21. Rac1 Qe6 22. Qb2 Nd7 23. e4 f6 24. Qb1 Nb6 25. Ba1 Rd7 26. Rc5 Rcd8 27. Rxb5 Nc4 28. Bb2 b6 29. Rc1 Rxd3 30. Qc2 Nxa3 31. Bxa3 Na7 32. Ne1 Rxa3 33. Qc7 Rc8 34. Qxa7 Rxc1 35. Rxb6 Qc4 36. Rb8+ Kh7 37. Qa8 Rxe1 38. Rh8+ Kg6 39. Kh3 Kh5 40. Qe8+ Kg5 0-1

[Event "Auckland Morrison Memorial"]
[Site "Auckland"]
[Date "2012.10.22"]
[Round "6"]
[White "Yang, Scott"]
[Black "Stark, John"]
[Result "1-0"]
[WhiteElo "1980"]
[BlackElo "2142"]
[PlyCount "126"]
[EventDate "2012.10.19"]
[EventType "swiss"]
[EventRounds "6"]
[EventCountry "NZL"]
[SourceTitle "EXT 2018"]
[Source "ChessBase"]
[SourceDate "2017.10.13"]
[SourceVersion "1"]
[SourceVersionDate "2017.10.13"]
[SourceQuality "1"]

1. d4 Nf6 2. Nf3 e6 3. c4 b6 4. g3 Bb7 5. Bg2 Be7 6. 0-0 0-0 7. Nc3 Ne4 8. Qc2 Nxc3 9. Qxc3 Be4 10. Rd1 d6 11. Be3 Nd7 12. Ne1 Bxg2 13. Nxg2 Qc8 14. Rac1 Rd8 15. a3 a5 16. b4 Bf6 17. Qb3 axb4 18. axb4 Qa6 19. b5 Qa2 20. Qd3 e5 21. d5 Ra3 22. Rd2 Qb3 23. Qxb3 Rxb3 24. Ra2 e4 25. Bd2 Bd4 26. Ne3 Bxe3 27. Bxe3 Kf8 28. Kf1 Ne5 29. Bf4 Ke7 30. Ke1 Rb4 31. Bxe5 dxe5 32. e3 Kd6 33. c5+ bxc5 34. Ra6+ Ke7 35. Rxc5 Rd7 36. Ra7 Kd8 37. Ra8+ Ke7 38. Rc8 Kd6 39. Rc6+ Kxd5 40. R8xc7 Rxb5 41. Rxd7+ Kxc6 42. Rxf7 Rb7 43. Rxb7 Kxb7 44. Kf1 Kc6 45. Kg2 Kd5 46. Kh3 Ke6 47. Kg4 Kf6 48. Kh5 Kf5 49. h3 h6 50. g4+ Kf6 51. h4 Kf7 52. g5 hxg5 53. hxg5 Kg8 54. Kg6 Kh8 55. Kf5 Kh7 56. Kxe5 Kg6 57. Kxe4 Kxg5 58. Ke5 Kg4 59. f4 Kf3 60. e4 Ke3 61. Kf5 Kd4 62. e5 Kd5 63. Kg6 Kd4 1-0

[Event "North Shore op-A 38th"]
[Site "North Shore"]
[Date "2012.09.22"]
[Round "2"]
[White "Yang, Scott"]
[Black "Duneas, John"]
[Result "1-0"]
[WhiteElo "1946"]
[BlackElo "2089"]
[PlyCount "101"]
[EventDate "2012.09.22"]
[EventType "swiss"]
[EventRounds "5"]
[EventCountry "NZL"]
[SourceTitle "EXT 2018"]
[Source "ChessBase"]
[SourceDate "2017.10.13"]
[SourceVersion "1"]
[SourceVersionDate "2017.10.13"]
[SourceQuality "1"]

1. d4 d5 2. Nf3 Nf6 3. g3 e6 4. c4 Ne4 5. Bg2 Bb4+ 6. Bd2 Nxd2 7. Nbxd2 0-0 8. 0-0 c6 9. Qc2 Nd7 10. Rfd1 Re8 11. e4 dxe4 12. Nxe4 Nf6 13. Nfg5 Nxe4 14. Nxe4 Be7 15. Nc3 Qc7 16. Qb3 b6 17. d5 exd5 18. cxd5 Bb7 19. Rac1 Bc5 20. d6 Qd7 21. Ne4 Re5 22. Nxc5 bxc5 23. f4 Rh5 24. Qa3 Rh6 25. Qxc5 Rd8 26. Bxc6 Bxc6 27. Qxc6 Qxc6 28. Rxc6 f5 29. b3 Kf8 30. Rc7 a6 31. Rc6 Ra8 32. Rc5 Rf6 33. d7 Rd8 34. Re5 g6 35. Rdd5 Rc6 36. Kf2 Rc2+ 37. Re2 Rc7 38. Red2 Kg7 39. Rd6 Ra7 40. Ke3 Kh6 41. R2d5 Kg7 42. Kd4 a5 43. Kc5 a4 44. b4 Kf7 45. a3 Rc7+ 46. Kb6 Rc3 47. Rd3 Rc2 48. Rc6 Re2 49. Kc7 Ke7 50. Rdd6 Re3 51. Re6+ 1-0

[Event "North Island-ch"]
[Site "Auckland"]
[Date "2012.07.11"]
[Round "1"]
[White "Yang, Scott"]
[Black "Shierlaw, Hamish"]
[Result "0-1"]
[WhiteElo "1960"]
[BlackElo "1583"]
[PlyCount "60"]
[EventDate "2012.07.11"]
[EventType "swiss"]
[EventRounds "8"]
[EventCountry "NZL"]
[SourceTitle "EXT 2018"]
[Source "ChessBase"]
[SourceDate "2017.10.13"]
[SourceVersion "1"]
[SourceVersionDate "2017.10.13"]
[SourceQuality "1"]

1. d4 Nf6 2. Nf3 d5 3. g3 e6 4. c4 Be7 5. Bg2 0-0 6. 0-0 c6 7. Nc3 Nbd7 8. Qc2 b6 9. e4 dxc4 10. Ng5 h6 11. e5 hxg5 12. exf6 Bxf6 13. Bxc6 Rb8 14. Qe4 a6 15. a4 Qc7 16. d5 exd5 17. Nxd5 Qd6 18. f4 Nc5 19. Qg2 Nb3 20. Ra2 Nxc1 21. Rxc1 b5 22. axb5 axb5 23. Nxf6+ Qxf6 24. Rf1 Qd4+ 25. Qf2 Qxf2+ 26. Rxf2 gxf4 27. Rxf4 Rd8 28. Ra7 Be6 29. Ra5 Rd1+ 30. Rf1 Rbd8 0-1

[Event "NZL-ch Major op"]
[Site "Auckland"]
[Date "2011.01.09"]
[Round "8"]
[White "Yang, Scott"]
[Black "McNally, Ian"]
[Result "0-1"]
[WhiteElo "1648"]
[BlackElo "1934"]
[PlyCount "130"]
[EventDate "2011.01.02"]
[EventType "swiss"]
[EventRounds "11"]
[EventCountry "NZL"]
[SourceTitle "EXT 2018"]
[Source "ChessBase"]
[SourceDate "2017.10.13"]
[SourceVersion "1"]
[SourceVersionDate "2017.10.13"]
[SourceQuality "1"]

1. d4 Nf6 2. Nf3 g6 3. g3 Bg7 4. Bg2 0-0 5. c4 d6 6. Nc3 Nbd7 7. 0-0 e5 8. dxe5 dxe5 9. e4 c6 10. b3 Re8 11. Bb2 Qc7 12. Qe2 a5 13. a3 Nc5 14. Qc2 Qb6 15. Nd2 Bh6 16. Na4 Nxa4 17. bxa4 Nd7 18. Rab1 Qc7 19. c5 Nxc5 20. Qxc5 Bxd2 21. f4 exf4 22. Qg5 Qe7 23. Qxe7 Rxe7 24. gxf4 Bg4 25. Bd4 Rd7 26. Bc5 Bc3 27. h3 Be2 28. Rfc1 Bg7 29. Kf2 Ba6 30. Rd1 Rad8 31. Bf3 Rxd1 32. Rxd1 Rxd1 33. Bxd1 Bc4 34. Ke3 Bb2 35. Be2 Bb3 36. Bg4 Bxa4 37. Bc8 Bc1+ 38. Kf3 Bd1+ 39. Kg3 b5 40. Bd7 Bd2 41. Bxc6 b4 42. axb4 axb4 43. e5 Bc3 44. Be4 b3 45. Ba3 Bc2 46. Bxc2 bxc2 47. Bc1 Kg7 48. Kf3 Kh6 49. f5+ Kh5 50. e6 fxe6 51. fxe6 Bb4 52. Kg3 g5 53. Kg2 Kg6 54. Kg3 Bd6+ 55. Kf3 Kf6 56. Ke2 Bf4 57. Bxf4 gxf4 58. Kd2 Kxe6 59. Kxc2 Ke5 60. Kd2 Kd5 61. Ke2 Ke4 62. h4 f3+ 63. Kf2 h5 64. Kf1 Kf4 65. Kf2 Kg4 0-1